| 000 | 003520000a22000970004500 | ||
|---|---|---|---|
| 100 | 1 | _aNeira, Armando | |
| 245 | 1 | 0 | _aEl perseguido :Prisionero en su casa por las amenazas de muerte, Fabio Ospina Giraldo se erige en símbolo de la lucha contra la corrupción |
| 300 | _aVol. 44, Num. 44 (Abril, 1994), Páginas 14-19 | ||
| 773 | 0 | _tCambio 16 | |
| 942 | _cANA | ||
| 999 |
_c58420 _d58420 |
||